| 000 | 00825cam a2200205 i 4500 | ||
|---|---|---|---|
| 005 | 20260126112444.0 | ||
| 008 | 250721s2002 le gr 000 0 ara d | ||
| 082 | 1 | 4 |
_a346.031 _bف ر ج |
| 100 | 1 |
_aفرج، توفيق حسن _eمؤلف. |
|
| 245 | 1 | 0 |
_aالنظرية العامة للإلتزام في مصادر الإلتزام : _bمع مقارنة بين القوانين العربية / _cالدكتور توفيق حسن فرج. |
| 250 | _aالطبعة الثالثة. | ||
| 264 | 3 | 1 |
_aبيروت : _bمنشورات الحلبي الحقوقية، _c2002. |
| 300 | _a904 صفحة. | ||
| 650 | 1 | 7 | _aالقانون المدني. |
| 650 | 1 | 7 | _aالإلتزامات(قانون). |
| 650 | 1 | 7 | _aالعقود. |
| 650 | 1 | 7 | _aالعطل والضرر. |
| 942 |
_2ddc _cBK |
||
| 999 |
_c102707 _d102707 |
||